Markets (Record no. 82297)

MARC details
000 -LEADER
fixed length control field 01167cam a22002295a 4500
001 - CONTROL NUMBER
control field L149844
008 - FIXED-LENGTH DATA ELEMENTS--GENERAL INFORMATION
fixed length control field 100504e2010 xxk 000 0 eng d
035 ## - SYSTEM CONTROL NUMBER
System control number (Sirsi) u149844
041 0# - LANGUAGE CODE
Language code of text/sound track or separate title eng
100 1# - MAIN ENTRY--PERSONAL NAME
Personal name Eade, Christine
245 00 - TITLE STATEMENT
Title Markets
Remainder of title Hampshire, Dorset and Wiltshire
260 ## - PUBLICATION, DISTRIBUTION, ETC.
Date of publication, distribution, etc. 2010
490 #0 - SERIES STATEMENT
Series statement Property Week
Volume/sequential designation 76(15) 16 April 2010, 39-44(5)
520 ## - SUMMARY, ETC.
Summary, etc. Bournemouth Borough Council seeks developer to redevelop all 16 of the city's car parks into mixed-use schemes. House building in Hampshire is recovering slowly and major projects at Aldershot, Waterlooville and Horndean are progressing well. 2010 will be a tough year in the Hampshire office market as tenants remain thin on the ground. Festival Place, Basingstoke opened in 2002, has received a BCSC award for best established shopping centre. Basingstoke Council is seeking a developer to turn Basingstoke centre into one of the largest town centre business parks in the country.
590 ## - LOCAL NOTE (RLIN)
Local note KA
651 #4 - SUBJECT ADDED ENTRY--GEOGRAPHIC NAME
Geographic name Hampshire
651 4# - SUBJECT ADDED ENTRY--GEOGRAPHIC NAME
Geographic name Dorset
651 #4 - SUBJECT ADDED ENTRY--GEOGRAPHIC NAME
Geographic name Wiltshire
690 ## - LOCAL SUBJECT ADDED ENTRY--TOPICAL TERM (OCLC, RLIN)
Topical term or geographic name as entry element PROPERTY-COMMERCIAL PROPERTY-COMMERCIAL PROPERTY MARKET
700 1# - ADDED ENTRY--PERSONAL NAME
Personal name Shepherd, Mark
942 ## - ADDED ENTRY ELEMENTS (KOHA)
Suppress in OPAC 0
Holdings
Withdrawn status Lost status Source of classification or shelving scheme Damaged status Not for loan Home library Current library Shelving location Date acquired Total Checkouts Full call number Barcode Date last seen Copy number Price effective from Koha item type
    Dewey Decimal Classification     London London Journal article 04/05/2010   L149844 149844-1001 06/08/2019 1 06/08/2019 Journal article